00383nam a2200157Ia 4500003000400000005001700004008004100021020001800062040000900080082002000089100001900109245003400128260004100162300000900203650001300212OSt20201203112344.0190216s9999||||xx |||||||||||||| ||und|| a9798188582296 coclc a894.8124bPAD/P aPadmanabhan, T 0aPallikkunnu / cT Padmanabhan bGreen Book House, c2004.aThrissur: a183p aLekhanam